|
|
|
|
| LEADER |
00000nta a2200000 i 4500 |
| 001 |
dolg1354 |
| 005 |
20141212212619.0 |
| 008 |
141212suuuu hu om 000 ger d |
| 040 |
|
|
|a BGE Dolgozattár Repozitórium
|b hun
|
| 041 |
|
|
|a de
|
| 100 |
1 |
|
|a Schröder Maximilian Mathis
|
| 245 |
1 |
0 |
|a Multichannel-Unternehmen contra Internet Pure-Player am Beispiel Media Markt und Redcoon
|c Schröder Maximilian Mathis
|h [elektronikus dokumentum]
|
| 695 |
|
|
|a Multichannel-Unternehmen
|
| 695 |
|
|
|a Media Markt
|
| 700 |
1 |
|
|a Csekő Dr. Katalin
|e ths
|
| 856 |
4 |
0 |
|u http://dolgozattar.uni-bge.hu/1354/7/Multichannel-Unternehmen%20contra%20Internet%20Pure-Player%20-%20Mathis%20Schr%C3%B6der%20HWG9RW%20korrigiert.pdf
|z Dokumentum-elérés
|